Marvel Picture Find: Defenders Quiz Stats

 Plays Quiz Updated Nov 16, 2019

Score 0/92 Timer 12:00
12 Plays Today
% Correct
The Hulk
96.1%
Captain
America
95.2%
Spider-Man
94.3%
Thing
93.6%
Deadpool
93.2%
Wolverine
93.1%
Dr. Strange
92.8%
Ghost
Rider
91.8%
She-Hulk
90.9%
Silver Surfer
90.8%
Black
Panther
90.8%
Beast
90.4%
Luke Cage
89.5%
Mr. Fantastic
89%
Wasp
88.9%
War Machine
88.6%
Iron Fist
88.3%
Hawkeye
86.5%
Scarlet
Witch
84.1%
Iceman
84%
Colossus
84%
Spider-
Woman
83.9%
Angel
83.7%
Daredevil
83.7%
Falcon
83.4%
Moon
Knight
81.6%
Nova
81.6%
Ant-Man
81.4%
Nick Fury
80.6%
Namor
79.6%
Howard
the Duck
78.9%
% Correct
Black Cat
78.4%
Captain Marvel
78.2%
Ms. Marvel
77.3%
Hercules
76.8%
Valkyrie
75.4%
Jessica
Jones
73.4%
U.S.Agent
69.2%
Havok
68.6%
Red She-Hulk
65.9%
Hellcat
64.9%
Wonder Man
64.9%
Black Knight
64.7%
Polaris
59.4%
Yellowjacket
59.3%
Dagger
59.1%
Deathlok
58.7%
Moondragon
56.2%
Namorita
55.7%
Drax the
Destroyer
54.3%
Misty
Knight
52.1%
Prowler
51.6%
Marvel Man
51.1%
White
Tiger
48.3%
Stingray
47.6%
Darkhawk
45.9%
Jack of
Hearts
44.9%
Thunderstrike
41.2%
Atlas
39.9%
Sleepwalker
38.6%
Gargoyle
38.6%
Nighthawk
35.7%
% Correct
Son of
Satan
35.5%
Moonstar
34.9%
Cloud
34.6%
Nomad
32.9%
Clea
32.9%
Black
Goliath
32.6%
Northstar
31.5%
Paladin
28.5%
Red Guardian
23.7%
Lyra
21.8%
Blazing
Skull
21.4%
Dr. Druid
19.2%
Elsa
Bloodstone
17.4%
Red Raven
17%
Devil-
Slayer
15.8%
Warlord
Krang
15.4%
Overmind
14.6%
Torpedo
13.8%
Shadowoman
13.5%
Andromeda
13.2%
Cadaver
13.1%
Loa
13.1%
Captain
Ultra
12.4%
Candy
Southern
11.7%
Interloper
11.5%
Tagak the
Leopard Lord
11.1%
Manslaughter
11%
Dollar Bill
10.1%
Junta
8.6%
Ardina
7.6%

You're not logged in!

Compare scores with friends on all Sporcle quizzes.
OR
Log In

Sporcle TV

Today on Sporcle TV


Watch our educational content, quiz creation guides, and fun videos on Sporcle TV.

Show Comments

Extras

Top Quizzes Today


Score Distribution

Your Account Isn't Verified!

In order to create a playlist on Sporcle, you need to verify the email address you used during registration. Go to your Sporcle Settings to finish the process.

Report this User

Report this user for behavior that violates our Community Guidelines.

Details: